مدخل الى البلاغة العربية : علم المعاني, علم البيان, علم البديع

Bibliographic Details
Main Author: ابو العدوس، يوسف (Author)
Format: Book
Language:Arabic
Published: Amman : Dar al-Masirah , 2010
Edition:الطبعة 2
Subjects:

MARC

LEADER 00000cam a2200000 7i4500
001 0000066541
005 20220724093000.0
008 100713s2010 jo ara
020 |a 9789957063160 
050 0 0 |a PJ6161   |b .A223 2010 
090 0 0 |a PJ6161   |b .A223 2010 
100 1 |a ابو العدوس، يوسف ,   |e author 
245 1 0 |a مدخل الى البلاغة العربية :   |b علم المعاني, علم البيان, علم البديع   |c يوسف ابو العدوس 
250 |a الطبعة 2 
260 |a Amman :   |b Dar al-Masirah ,   |c 2010 
300 |a 335 p. ;   |c 25 cm. 
504 |a Includes bibliographical references (p. 312-335) 
505 0 |a مقدمة عامة في البلاغة العربية -- علم المعاني -- علم البيان -- علم البديع 
650 0 |a Arabic language   |x Rhetoric 
740 0 2 |a Madkhal ila al-balaghah al-Arabiyah : ilm al-ma`ani, ilm al-bayan, ilm al-badi` 
999 |a 1000131910   |b Book   |c OPEN SHELF (30 DAYS)   |e Gong Badak Campus 
999 |a 1000155968   |b Book   |c OPEN SHELF (30 DAYS)   |e Gong Badak Campus